TV Show By Cast - Statistics

General Stats
  • This quiz has been taken 1,037 times
    1,036 since last reset
  • The average score is 10 of 20
Answer Stats
Hint Answer % Correct
Jennifer Aniston, Courteney Cox, Lisa Kudrow Friends
99%
Kim Cattrall, Kristin Davis, Sarah Jessica Parker Sex And The City
86%
Johnny Galecki, Simon Helberg, Jim Parsons The Big Bang Theory
83%
Teri Hatcher, Felicity Huffman, Eva Longoria Desperate Housewives
74%
Dave Coulier, Bob Saget, John Stamos Full House
74%
Tina Fey, Jane Krakowski, Tracy Morgan 30 Rock
71%
Kevin James, Leah Remini, Jerry Stiller The King Of Queens
64%
Eric McCormack, Debra Messing, Megan Mullally Will & Grace
62%
Alexis Bledel, Lauren Graham, Melissa McCarthy Gilmore Girls
52%
Christine Baranski, Alan Cumming, Julianna Margulies The Good Wife
47%
Drake Bell, Miranda Cosgrove, Josh Peck Drake & Josh
43%
Miranda Cosgrove, Nathan Kress, Jennette McCurdy iCarly
41%
Alexander Gould, Mary-Louise Parker, Hunter Parrish Weeds
36%
Elizabeth Gillies, Ariana Grande, Victoria Justice Victorious
32%
Valerie Bertinelli, Jane Leeves, Wendie Malick Hot In Cleveland
31%
Mindy Cohn, Charlotte Rae, Lisa Whelchel The Facts Of Life
31%
Christy Carlson Romano, Shia LaBeouf, Stephen Anthony Lawrence Even Stevens
29%
Yvonne de Carlo, Fred Gwynne, Al Lewis The Munsters
27%
Ashley Argota, Keke Palmer, Matt Shively True Jackson, VP
10%
Andrea Anders, Allison Janney, Matthew Perry Mr. Sunshine
7%
No matching quizzes found
Score Distribution
Percent of People with Each Score
Percentile by Number Answered
Your Score History
You have not taken this quiz since the last reset